| 000 | 01250cam a2200277 a 4500 | ||
|---|---|---|---|
| 003 | EG-GiCUC | ||
| 005 | 20250223032456.0 | ||
| 008 | 191209s1991 ua f m 000 0 ara d | ||
| 040 |
_aEG-GiCUC _bara _cEG-GiCUC |
||
| 041 | 0 | _aara | |
| 049 | _aاهداء | ||
| 097 | _aماجستير | ||
| 099 | _aCai01.34.M.Sc.1991.عب.ق | ||
| 100 | 0 | _aعبدالمنعم السيد أحمد | |
| 245 | 1 | 0 |
_aقضية المعنى عند ابن سينا / _cعبدالمنعم السيد أحمد ؛ إشراف محمود فهمى حجازى : عبدالحميد ابراهيم محمد |
| 260 |
_aالمنيا : _bعبدالمنعم السيد أحمد : _c1991 |
||
| 300 |
_a289ورقة ؛ _c30سم |
||
| 500 | _aإهداء من مكتبة الأستاذ الدكتور على أبوالمكارم | ||
| 502 | _aاطروحة (ماجستير) - جامعة المنيا - كلية الدراسات العربية - قسم علم اللغة و الدراسات الشرقية و السامية | ||
| 700 | 0 |
_aعبدالحميد ابراهيم محمد : _eمشرف |
|
| 700 | 0 |
_aمحمود فهمى حجازى : _eمشرف |
|
| 856 | _uhttp://172.23.153.220/th.pdf | ||
| 905 |
_aNazla _eRevisor |
||
| 905 |
_aSamia _eCataloger |
||
| 942 |
_2ddc _cTH |
||
| 999 |
_c75752 _d75752 |
||